| 000 | 00520cam a2200205ua 4500 | ||
|---|---|---|---|
| 001 | 8355 | ||
| 005 | 20260515114326.0 | ||
| 008 | 150128n ii |||gr||||Z||||||eng | ||
| 020 | _a0333932951 | ||
| 040 | _cMAIN | ||
| 041 | _aeng | ||
| 082 | _a820 | ||
| 100 |
_aPrasad, B., _eAuthor., |
||
| 245 | 1 |
_aBackground to the study of english literature _cBy Birjadish Prasad |
|
| 250 | _a3rd rev. | ||
| 260 |
_aCalcutta: _bMacmillan, _c2000. |
||
| 300 | _a284p. | ||
| 653 | _aEnglish.& Old English literatures | ||
| 942 | _cBK | ||
| 999 |
_c7461 _d7461 |
||